| 000 | 00907 a2200193 4500 | ||
|---|---|---|---|
| 020 | _a0-470-01822-4 | ||
| 020 | _a0-470-01822-4 | ||
| 040 |
_aDLC _bDLC |
||
| 082 | 0 | 4 | _a621.382 |
| 245 | 0 | 0 |
_aCommunication systems: fundamentals and design methods _bfundamentals and design methods _cNevio Benvenut |
| 260 |
_aChichester ; _aHoboken, NJ : _bJohn Wiley, _cc2007. |
||
| 300 |
_axxxii, 516 p. : _bill. ; _c26 cm. |
||
| 505 | 0 | _aPreliminaries on deterministic and random signals -- Characterization of transmission media and devices -- Analog modulation systems -- Digital modulation systems -- Digital transmission of analog signals -- Transmission over dispersive channels --Elements of information theory, source and channel coding. | |
| 650 | 0 | _aTelecommunication systems. | |
| 650 | 0 | _aTelekommunikation | |
| 650 | 0 | _aTelecommunication | |
| 700 | 1 |
_aBenvenuto, Nevio. _4aut |
|
| 942 |
_cBK _k 621.382 BEN _2ddc |
||
| 999 |
_c8120 _d8120 |
||